000
00167nam a22000857a 4500
999
_c
64845
_d
64842
082
_a
۲۹۷۔۵۷
100
_a
م ء س
245
_a
تسری انکھ سے
942
_c
BK